000 00474nam a2200169Ia 4500
005 20240722014804.0
008 240331s9999 xx 000 0 und d
020 _a0415129818
082 _a209
_bMOD
245 0 _aModelling early christianity :
_bsocial scientific studies of the new testsment in it's contex
260 _aLondon
_bRoutledge
_c1995
300 _axv, 349 p .,
650 _aChristian Theology
650 _aSocial
700 _aEsler, P.F.
_eedt
942 _cL
999 _c813
_d813